[Event "Bunratty Masters"]
[Site "Bunratty Co. Clare, Ireland"]
[Date "2017.02.18"]
[Round "2"]
[White "Gelip, Ioana"]
[Black "Hunt, Adam"]
[Result "0-1"]
[WhiteElo "2202"]
[BlackElo "2424"]
[PlyCount "74"]
[EventDate "2017.??.??"]

1. e4 e5 2. Nf3 Nc6 3. Bc4 Nf6 4. Ng5 d5 5. exd5 Na5 6. Bb5+ c6 7. dxc6 bxc6 8.
Bd3 Be7 9. O-O h6 10. Ne4 Nd5 11. Ng3 O-O 12. Re1 f5 13. Rxe5 f4 14. Nf5 Bg5
15. c3 Qf6 16. Qe1 f3 17. Qe4 Bxf5 18. Rxf5 Qxf5 19. Qxf5 Rxf5 20. Bxf5 Re8 21.
h4 Bxh4 22. Na3 Re5 23. Bc2 Re1+ 24. Kh2 Bf6 25. Kg3 fxg2 26. Kxg2 g5 27. b4
Nxb4 28. Bb2 Nxc2 29. Nxc2 Re2 30. Rd1 Nc4 31. Bc1 Ne5 32. Nd4 Re4 33. f3 Rh4
34. Nf5 Ra4 35. Nxh6+ Kg7 36. Ng4 Nxg4 37. fxg4 Rxg4+ 0-1

[Event "Bunratty Masters"]
[Site "Bunratty Co. Clare, Ireland"]
[Date "2017.02.18"]
[Round "2"]
[White "Lopez, Alex"]
[Black "Rawlinson, Aidan"]
[Result "1-0"]
[WhiteElo "2417"]
[BlackElo "2199"]
[PlyCount "79"]
[EventDate "2017.??.??"]

1. Nf3 g6 2. d4 Bg7 3. c3 Nf6 4. Bf4 O-O 5. e3 b6 6. h3 Bb7 7. Nbd2 d6 8. Bh2
Re8 9. a4 a6 10. Bc4 Nbd7 11. O-O e5 12. a5 b5 13. Be2 c5 14. c4 b4 15. d5 Bc8
16. Ne1 Qe7 17. e4 Bh6 18. Nd3 Bxd2 19. Qxd2 Nxe4 20. Qe3 f5 21. f4 exf4 22.
Qxf4 Ndf6 23. Rfe1 g5 24. Qc1 Qg7 25. Bf3 h5 26. Bxe4 Nxe4 27. Nf2 Qg6 28. Nxe4
fxe4 29. Bxd6 g4 30. h4 e3 31. Rxe3 Rxe3 32. Qxe3 Qxd6 33. Qg5+ Kh7 34. Re1 Ra7
35. Re8 Rc7 36. Qxh5+ Kg7 37. Qg5+ Kh7 38. Qg8+ Kh6 39. Qg5+ Kh7 40. Rg8 1-0

[Event "Bunratty Masters"]
[Site "Bunratty Co. Clare, Ireland"]
[Date "2017.02.18"]
[Round "2"]
[White "Yin, Stanley"]
[Black "Bates, Richard"]
[Result "0-1"]
[WhiteElo "2198"]
[BlackElo "2347"]
[PlyCount "126"]
[EventDate "2017.??.??"]

1. g3 e5 2. Bg2 Nf6 3. c4 Bc5 4. Nc3 O-O 5. e3 Re8 6. Nge2 Nc6 7. O-O a6 8. d4
Ba7 9. h3 d6 10. d5 Ne7 11. e4 Ng6 12. b4 h6 13. Qd3 Nh7 14. Be3 Bxe3 15. Qxe3
a5 16. a3 Ng5 17. Kh2 f5 18. exf5 Bxf5 19. Ne4 Bxe4 20. Bxe4 Nf4 21. h4 Nxe4
22. Qxe4 Nxe2 23. Qxe2 Qf6 24. Qb2 axb4 25. axb4 Qf3 26. Kg1 Rxa1 27. Rxa1 e4
28. Re1 e3 29. Qe2 Qxe2 30. Rxe2 Re4 31. Rxe3 Rxc4 32. Re7 b5 33. Kg2 Kf8 34.
Rd7 g5 35. h5 g4 36. Rh7 Kg8 37. Rxh6 Rxb4 38. Rg6+ Kh7 39. Rf6 Rd4 40. Rf7+
Kh6 41. Rxc7 Rxd5 42. Rc8 Kxh5 43. Rh8+ Kg5 44. Rg8+ Kf5 45. Rf8+ Ke6 46. Re8+
Kd7 47. Re4 Rg5 48. f4 gxf3+ 49. Kxf3 d5 50. Re1 Rf5+ 51. Kg4 Rf8 52. Kh5 Rh8+
53. Kg5 Rg8+ 54. Kf4 Rf8+ 55. Kg5 Kd6 56. g4 d4 57. Kh6 Kd5 58. g5 d3 59. Rb1
Kc4 60. Rc1+ Kd4 61. g6 d2 62. Rb1 Kc3 63. g7 Rd8 0-1

[Event "Bunratty Masters"]
[Site "Bunratty Co. Clare, Ireland"]
[Date "2017.02.18"]
[Round "2"]
[White "Pein, Malcolm"]
[Black "Wall, Tim P"]
[Result "1-0"]
[WhiteElo "2345"]
[BlackElo "2193"]
[PlyCount "49"]
[EventDate "2017.??.??"]

1. d4 d5 2. c4 Nc6 3. Nf3 Bg4 4. Nbd2 dxc4 5. Qa4 Qd7 6. e4 e5 7. d5 Nb4 8. Qd1
c6 9. Bxc4 cxd5 10. exd5 b5 11. Be2 Qxd5 12. O-O Bd6 13. Ne4 Qxe4 14. Qxd6 Qxe2
15. Re1 Rd8 16. Qxd8+ Kxd8 17. Rxe2 f6 18. Be3 Nc6 19. a4 b4 20. Rd2+ Ke8 21.
Rd6 Nge7 22. Rc1 Bd7 23. Bxa7 Nxa7 24. Rc7 Bxa4 25. Rxa7 1-0

[Event "Bunratty Masters"]
[Site "Bunratty Co. Clare, Ireland"]
[Date "2017.02.18"]
[Round "2"]
[White "Gheorghiu, Calin"]
[Black "Murray, David B"]
[Result "0-1"]
[WhiteElo "2312"]
[BlackElo "2098"]
[PlyCount "76"]
[EventDate "2017.??.??"]

1. e4 c5 2. Nc3 a6 3. Nf3 d6 4. d4 cxd4 5. Nxd4 Nf6 6. Bc4 e6 7. Bb3 Be7 8. Be3
Nc6 9. Qe2 Na5 10. O-O O-O 11. f4 Qc7 12. f5 e5 13. Nf3 Nxb3 14. axb3 d5 15.
exd5 Bxf5 16. Nh4 Bg4 17. Qf2 Rac8 18. Kh1 Bb4 19. Bg5 Nh5 20. Bd2 Bc5 21. Be3
Bb4 22. Ra4 a5 23. Bb6 Qd7 24. Bxa5 Bc5 25. Qe1 f5 26. Bb4 Bxb4 27. Rxb4 e4 28.
h3 Qd6 29. Nb5 Ng3+ 30. Kg1 Qc5+ 31. Rf2 e3 32. Rff4 Ne2+ 33. Kh1 Nxf4 34. hxg4
Nxd5 35. Rc4 Qxb5 36. Rxc8 Rxc8 37. c4 Qb4 38. Qe2 Qd2 0-1

[Event "Bunratty Masters"]
[Site "Bunratty Co. Clare, Ireland"]
[Date "2017.02.18"]
[Round "2"]
[White "L'Ami, Alina"]
[Black "Delaney, Killian"]
[Result "1/2-1/2"]
[WhiteElo "2324"]
[BlackElo "2203"]
[PlyCount "58"]
[EventDate "2017.??.??"]

1. d4 Nf6 2. c4 g6 3. Nc3 Bg7 4. e4 d6 5. h3 O-O 6. Bg5 c5 7. d5 e6 8. Bd3 exd5
9. cxd5 Re8 10. Nf3 c4 11. Bc2 b5 12. a3 Na6 13. O-O Nc5 14. Re1 Qb6 15. Qd2 a5
16. Rad1 b4 17. Na4 Nxa4 18. Bxa4 Rxe4 19. Bxf6 Rxe1+ 20. Rxe1 Bxf6 21. Qf4 Kg7
22. Be8 h6 23. Bxf7 Kxf7 24. Qxh6 Bf5 25. g4 Bd3 26. Re6 Qd8 27. Ng5+ Bxg5 28.
Qh7+ Kf8 29. Qh8+ Kf7 1/2-1/2

[Event "Bunratty Masters"]
[Site "Bunratty Co. Clare, Ireland"]
[Date "2017.02.18"]
[Round "2"]
[White "Cafolla, Peter"]
[Black "Schockenbaeumer, Dirk"]
[Result "1/2-1/2"]
[WhiteElo "1976"]
[BlackElo "2155"]
[PlyCount "49"]
[EventDate "2017.??.??"]

1. d4 Nf6 2. c4 g6 3. Nc3 d5 4. cxd5 Nxd5 5. e4 Nxc3 6. bxc3 Bg7 7. Bc4 c5 8.
Ne2 O-O 9. O-O cxd4 10. cxd4 Nc6 11. Be3 Bg4 12. f3 Na5 13. Bxf7+ Rxf7 14. fxg4
Rxf1+ 15. Kxf1 Qd7 16. Qd3 Rf8+ 17. Kg1 Qxg4 18. Rf1 Rxf1+ 19. Kxf1 Qd7 20. Qc2
b5 21. Qc5 Nc4 22. d5 e6 23. Qxa7 Nxe3+ 24. Qxe3 exd5 25. exd5 1/2-1/2

[Event "Bunratty Masters"]
[Site "Bunratty Co. Clare, Ireland"]
[Date "2017.02.18"]
[Round "2"]
[White "Nettleton, Charlie"]
[Black "Doyle, Hugh"]
[Result "1-0"]
[WhiteElo "2162"]
[BlackElo "2044"]
[PlyCount "81"]
[EventDate "2017.??.??"]

1. d4 Nf6 2. Bg5 d5 3. Bxf6 exf6 4. e3 Nc6 5. Ne2 Bd6 6. Ng3 Ne7 7. c4 c6 8.
Nc3 O-O 9. Be2 f5 10. Qb3 f4 11. exf4 Bxf4 12. O-O dxc4 13. Bxc4 b5 14. Bd3
Bxg3 15. hxg3 Qxd4 16. Rfd1 Qb6 17. a4 Be6 18. Qb4 Ng6 19. axb5 a5 20. Qd6 Rac8
21. Na4 Qd8 22. Bxg6 Qxd6 23. Rxd6 cxb5 24. Nb6 hxg6 25. Nxc8 Rxc8 26. Rxa5 b4
27. Rd4 b3 28. Kf1 Kf8 29. Ra7 g5 30. Ke2 g6 31. f3 Rc1 32. Rd2 g4 33. Ke3 Rg1
34. Kf4 Kg7 35. Rb7 Re1 36. Rb5 f6 37. fxg4 g5+ 38. Kf3 Kg6 39. Rb4 Re5 40. Re2
Bxg4+ 41. Rxg4 1-0

[Event "Bunratty Masters"]
[Site "Bunratty Co. Clare, Ireland"]
[Date "2017.02.18"]
[Round "2"]
[White "Li, Henry"]
[Black "Tirziman, Rudolf"]
[Result "0-1"]
[WhiteElo "2150"]
[BlackElo "2013"]
[PlyCount "168"]
[EventDate "2017.??.??"]

1. e4 e6 2. d4 d5 3. Nc3 Nf6 4. e5 Nfd7 5. f4 c5 6. Nf3 Nc6 7. Be3 a6 8. Qd2 b5
9. dxc5 Bxc5 10. Bd3 Qb6 11. Bf2 Bxf2+ 12. Qxf2 Nc5 13. O-O b4 14. Ne2 a5 15.
c3 Ba6 16. Bxa6 Rxa6 17. Ned4 Ne4 18. Qe3 O-O 19. c4 Nxd4 20. Nxd4 Rd8 21. cxd5
Rxd5 22. Rac1 Ra8 23. Rfd1 Rad8 24. Kh1 h6 25. Rc4 Nc5 26. b3 Na6 27. h3 Nc7
28. Rc6 Qa7 29. Qg1 Rxd4 30. Rxd4 Qxd4 31. Qxd4 Rxd4 32. Rxc7 Rd2 33. Ra7 Rxa2
34. Kh2 Ra3 35. h4 h5 36. g3 Rxb3 37. Rxa5 Rc3 38. Rb5 b3 39. Kg2 Kh7 40. Rb7
Kg6 41. Kf2 f6 42. Rb5 Rc2+ 43. Kf3 Rb2 44. exf6 gxf6 45. f5+ exf5 46. Rb7 Rb1
47. Kf2 b2 48. Kg2 f4 49. gxf4 Kf5 50. Rb4 Kg4 51. Kh2 f5 52. Kg2 Kxh4 53. Kh2
Kg4 54. Kg2 h4 55. Kh2 h3 56. Rb3 Kxf4 57. Rb4+ Ke3 58. Rb3+ Kd2 59. Rb8 f4 60.
Rd8+ Kc3 61. Rc8+ Kd4 62. Rd8+ Ke3 63. Re8+ Kf3 64. Rb8 Rf1 65. Rb3+ Kg4 66.
Rxb2 Rf3 67. Rb1 Rf2+ 68. Kg1 Rg2+ 69. Kh1 f3 70. Rb4+ Kg3 71. Rg4+ Kf2 72. Rf4
Rg8 73. Rh4 Ke1 74. Ra4 f2 75. Ra1+ Ke2 76. Ra2+ Kf3 77. Ra3+ Ke4 78. Ra4+ Kd3
79. Ra3+ Kc4 80. Ra4+ Kb3 81. Ra1 Rf8 82. Rf1 Kc2 83. Kh2 Kd2 84. Ra1 f1=Q 0-1

[Event "Bunratty Masters"]
[Site "Bunratty Co. Clare, Ireland"]
[Date "2017.02.18"]
[Round "2"]
[White "Mulligan, Scott"]
[Black "Gayson, Peter"]
[Result "0-1"]
[WhiteElo "2065"]
[BlackElo "2148"]
[PlyCount "92"]
[EventDate "2017.??.??"]

1. e4 c5 2. Nf3 e6 3. d4 cxd4 4. Nxd4 Nf6 5. Nc3 Nc6 6. Be2 d6 7. O-O Be7 8.
Be3 O-O 9. f4 a6 10. a3 Qc7 11. Qd2 Nxd4 12. Bxd4 e5 13. Be3 b5 14. Bf3 Bb7 15.
Rac1 Rac8 16. Kh1 Rfd8 17. Nd5 Nxd5 18. exd5 Qc4 19. Bg4 Ra8 20. Rcd1 Bc8 21.
Be2 Qc7 22. c3 f5 23. Bd3 e4 24. Be2 Bf6 25. Rg1 Qf7 26. g3 Rb8 27. Rc1 Bd7 28.
b3 Rdc8 29. Rc2 Rc7 30. Rgc1 g6 31. Bd4 Rbc8 32. c4 bxc4 33. Bxc4 Bb5 34. Bxf6
Qxf6 35. Qc3 Qe7 36. Qa5 Bxc4 37. bxc4 Rb7 38. c5 dxc5 39. d6 Qe6 40. Rxc5 Rxc5
41. Rxc5 e3 42. Rc8+ Qxc8 43. Qd5+ Kg7 44. Qe5+ Kh6 45. g4 Qc6+ 46. Kg1 Rb1#
0-1

[Event "Bunratty Masters"]
[Site "Bunratty Co. Clare, Ireland"]
[Date "2017.02.18"]
[Round "2"]
[White "Sudolski, Sylwester"]
[Black "O'Connor, Jonathan"]
[Result "1/2-1/2"]
[WhiteElo "2027"]
[BlackElo "2126"]
[PlyCount "90"]
[EventDate "2017.??.??"]

1. e4 e6 2. Qe2 e5 3. Qh5 d6 4. Bc4 g6 5. Qf3 Nf6 6. d3 Bg7 7. Bg5 O-O 8. Nc3
h6 9. Bh4 c6 10. h3 Be6 11. g4 b5 12. Bb3 a5 13. g5 Nh5 14. Bxe6 fxe6 15. Qg4
Nf4 16. gxh6 Qxh4 17. hxg7 Kxg7 18. Qxh4 Ng2+ 19. Kd2 Nxh4 20. Rf1 Ra7 21. Nd1
Raf7 22. Rh2 Nd7 23. Ne3 Nf6 24. Ke1 Nh5 25. Ng2 Nf3+ 26. Nxf3 Rxf3 27. Ne3 Nf4
28. h4 Rh3 29. Rfh1 Rxh2 30. Rxh2 Rh8 31. Rh1 Kf7 32. Kf1 g5 33. Ng2 Ng6 34. h5
Nh4 35. Nxh4 Rxh5 36. Kg2 gxh4 37. Kh3 Kg6 38. Rg1+ Rg5 39. Rg4 Rxg4 40. Kxg4
h3 41. Kxh3 Kh5 42. c3 c5 43. b3 d5 44. c4 bxc4 45. bxc4 d4 1/2-1/2

[Event "Bunratty Masters"]
[Site "Bunratty Co. Clare, Ireland"]
[Date "2017.02.18"]
[Round "2"]
[White "Haussernot, Cecile"]
[Black "Fox, Anthony"]
[Result "1-0"]
[WhiteElo "2120"]
[BlackElo "1969"]
[PlyCount "85"]
[EventDate "2017.??.??"]

1. Nf3 d5 2. g3 Nf6 3. Bg2 c6 4. O-O Bf5 5. d3 e6 6. Nbd2 Be7 7. b3 h6 8. Bb2
O-O 9. h3 Bh7 10. Nh2 Nbd7 11. e4 Qc7 12. Qe2 a5 13. a4 Rad8 14. e5 Ne8 15. f4
Qb6+ 16. Kh1 Nc7 17. g4 c5 18. Rae1 Bh4 19. Rd1 Be7 20. Ndf3 d4 21. Nd2 Qa6 22.
g5 hxg5 23. fxg5 Bxg5 24. Ne4 Be7 25. Ng4 Nd5 26. Bc1 f5 27. exf6 N7xf6 28.
Ngxf6+ Bxf6 29. Nxc5 Nc3 30. Qh5 Qb6 31. Rde1 Bf5 32. Ne4 Nxe4 33. dxe4 Bh7 34.
Ba3 g6 35. Qg4 Rf7 36. e5 Bg7 37. Be4 Rxf1+ 38. Rxf1 Qa6 39. Rg1 g5 40. Bxh7+
Kxh7 41. Qxg5 Qc6+ 42. Kh2 Rg8 43. Qg6+ 1-0

[Event "Bunratty Masters"]
[Site "Bunratty Co. Clare, Ireland"]
[Date "2017.02.18"]
[Round "2"]
[White "Schenning, Albert"]
[Black "Moran, Stephen"]
[Result "1-0"]
[WhiteElo "2010"]
[BlackElo "2119"]
[PlyCount "85"]
[EventDate "2017.??.??"]

1. e4 e6 2. c4 c5 3. Nc3 Nc6 4. Nf3 Nd4 5. d3 Ne7 6. Be2 Nec6 7. O-O Be7 8. Be3
O-O 9. Rb1 f5 10. Qd2 b6 11. exf5 Rxf5 12. Bxd4 cxd4 13. Ne4 a5 14. a3 a4 15.
Ng3 Rf8 16. Qc2 Bc5 17. Rfe1 Bb7 18. Bf1 Ne7 19. Nd2 Ng6 20. Nge4 Bc6 21. g3
Qc7 22. Bg2 Be7 23. Re2 d5 24. cxd5 exd5 25. Rc1 dxe4 26. Qxc6 Qxc6 27. Rxc6
exd3 28. Bd5+ Kh8 29. Re4 Bf6 30. Rxf6 gxf6 31. Bxa8 Rxa8 32. Rxd4 Rc8 33. Ne4
Rc2 34. Rxd3 Rxb2 35. Nxf6 Kg7 36. Ne4 Ne5 37. Rd5 Nc4 38. Rd7+ Kg6 39. g4 Nxa3
40. h4 Nc4 41. f4 h5 42. f5+ Kh6 43. g5# 1-0

[Event "Bunratty Masters"]
[Site "Bunratty Co. Clare, Ireland"]
[Date "2017.02.18"]
[Round "2"]
[White "van der Zwet, Bart"]
[Black "Byrne, Alex"]
[Result "0-1"]
[WhiteElo "2118"]
[BlackElo "1942"]
[PlyCount "122"]
[EventDate "2017.??.??"]

1. d4 Nf6 2. Nf3 g6 3. b3 d5 4. Bb2 Bg7 5. e3 c5 6. Nbd2 cxd4 7. Bxd4 Nc6 8.
Bb2 O-O 9. Be2 Bf5 10. O-O Rc8 11. a3 Ne4 12. Bxg7 Kxg7 13. Nxe4 dxe4 14. Nd4
Nxd4 15. exd4 e3 16. c4 exf2+ 17. Rxf2 Qd6 18. c5 Qc7 19. b4 Rfd8 20. Bf3 b6
21. Rd2 e5 22. dxe5 Qxe5 23. Rxd8 Rxd8 24. Qxd8 Qxa1+ 25. Qd1 Qxd1+ 26. Bxd1
bxc5 27. bxc5 Kf6 28. Kf2 Be4 29. g3 Ke5 30. Ke3 Bc6 31. Bb3 f5 32. h4 h6 33.
Bc4 g5 34. hxg5 hxg5 35. Be2 Kd5 36. Bd3 Bd7 37. c6 Kxc6 38. Kd4 Kd6 39. Bc2
Ke6 40. Bb3+ Kf6 41. Bd5 f4 42. gxf4 gxf4 43. Bf3 Kg5 44. Ke5 Bg4 45. Bg2 Be2
46. Be4 Kg4 47. Bd5 Kg3 48. Be4 Bf3 49. Bg6 Bg2 50. Bh5 Bh3 51. Ke4 Bg4 52. Bf7
f3 53. Ke3 Bh3 54. Bc4 Bg2 55. Ba6 Bh3 56. a4 f2 57. a5 Kg2 58. Kf4 Kg1 59. Kg3
Bf1 60. Bc8 Bc4 61. Bh3 Bd5 0-1

[Event "Bunratty Masters"]
[Site "Bunratty Co. Clare, Ireland"]
[Date "2017.02.18"]
[Round "2"]
[White "Harding, Tim"]
[Black "O'Gorman, Tom"]
[Result "0-1"]
[WhiteElo "1959"]
[BlackElo "2100"]
[PlyCount "71"]
[EventDate "2017.??.??"]

1. e4 c5 2. c3 d5 3. exd5 Nf6 4. Nf3 Nxd5 5. d4 cxd4 6. Nxd4 e5 7. Bb5+ Bd7 8.
Qe2 Bd6 9. Nf5 Qf6 10. Nxd6+ Qxd6 11. Na3 O-O 12. O-O Bxb5 13. Nxb5 Qc6 14. c4
Nf6 15. Be3 a6 16. Nc3 Nbd7 17. Rac1 Rad8 18. b4 Rfe8 19. b5 Qe6 20. Rfd1 e4
21. Nd5 Nxd5 22. cxd5 Qf5 23. bxa6 bxa6 24. Rc6 a5 25. d6 Ne5 26. Rc5 Qe6 27.
Rxa5 Nd3 28. Ra6 Rxd6 29. Rxd6 Qxd6 30. f3 f5 31. fxe4 fxe4 32. Qg4 Qd5 33. Rd2
Rb8 34. g3 h5 35. Qg6 Rf8 36. Qb6 0-1

[Event "Bunratty Masters"]
[Site "Bunratty Co. Clare, Ireland"]
[Date "2017.02.18"]
[Round "2"]
[White "Melaugh, Gavin"]
[Black "Wolferink, Frans"]
[Result "0-1"]
[WhiteElo "1936"]
[BlackElo "2095"]
[PlyCount "72"]
[EventDate "2017.??.??"]

1. c4 Nf6 2. Nc3 d5 3. cxd5 Nxd5 4. g3 g6 5. Bg2 Nb6 6. d3 Bg7 7. Nf3 Nc6 8.
Be3 Nd5 9. Nxd5 Qxd5 10. O-O Qb5 11. Rb1 Be6 12. b3 O-O 13. Qd2 Rfd8 14. Rfc1
a5 15. Ng5 Bd7 16. Ne4 Nb4 17. a4 Qf5 18. Rc5 Qe6 19. Ng5 Qa6 20. Bf4 Qb6 21.
Qe3 Na6 22. Rcc1 Qxe3 23. Bxe3 Rab8 24. Bd5 Be8 25. Bc4 Nb4 26. Bd2 c6 27. Bxb4
axb4 28. e4 e6 29. Rd1 h6 30. Nxe6 fxe6 31. Bxe6+ Bf7 32. Bc4 Rd7 33. f4 Rbd8
34. Re1 Bxc4 35. dxc4 Bc3 36. Re2 Rd1+ 0-1

[Event "Bunratty Masters"]
[Site "?"]
[Date "2017.02.18"]
[Round "3"]
[White "Short, Nigel"]
[Black "Hunt, Adam"]
[Result "1-0"]
[WhiteElo "2675"]
[BlackElo "2424"]
[PlyCount "69"]
[EventDate "2017.??.??"]

1. Nf3 d5 2. d4 Nf6 3. c4 e6 4. Nc3 Be7 5. Bg5 Nbd7 6. e3 O-O 7. Bd3 b6 8. cxd5
exd5 9. O-O Bb7 10. Rc1 Re8 11. Qa4 a6 12. Bf5 g6 13. Bxd7 Nxd7 14. Bxe7 Qxe7
15. Rfd1 Nf6 16. b4 Rec8 17. Qb3 Qe6 18. a4 Ne8 19. Ne5 Nd6 20. Nd3 g5 21. Re1
Rab8 22. f3 Re8 23. b5 a5 24. Nf2 f5 25. Re2 Re7 26. Nd3 Rf8 27. Ne5 Nf7 28. f4
Nxe5 29. fxe5 Kg7 30. Rf2 Ref7 31. Ne2 h5 32. h4 f4 33. hxg5 fxe3 34. Rf6 Qg4
35. Qxe3 1-0

[Event "Bunratty Masters"]
[Site "?"]
[Date "2017.02.18"]
[Round "3"]
[White "Hebden, Mark"]
[Black "Lopez, Alex"]
[Result "0-1"]
[WhiteElo "2486"]
[BlackElo "2417"]
[PlyCount "98"]
[EventDate "2017.??.??"]

1. d4 Nf6 2. Nf3 g6 3. g3 Bg7 4. Bg2 O-O 5. O-O d5 6. c4 c6 7. Qb3 a5 8. cxd5
cxd5 9. Nc3 Nc6 10. Bf4 Ne4 11. Rfd1 Nxc3 12. bxc3 a4 13. Qa3 Re8 14. Rab1 Bf8
15. Qc1 Na5 16. Bh6 Bf5 17. Bxf8 Rxf8 18. Rb4 a3 19. Qh6 f6 20. Nh4 Be6 21. e4
Rf7 22. exd5 Bxd5 23. Ra4 g5 24. Nf3 b5 25. Rxa3 Qd6 26. c4 Qxa3 27. cxd5 Nc4
28. h4 gxh4 29. Nxh4 Nd6 30. Bh3 Rg7 31. Be6+ Kh8 32. Qf4 Qxa2 33. Nf5 Qe2 34.
Rc1 Rg4 35. Qh6 Ne4 36. Qe3 Qxe3 37. Nxe3 Rg5 38. Rc7 Ra1+ 39. Kg2 Ra2 40. Kf3
Nd2+ 41. Kf4 Nf1 42. f3 Nxe3 43. Kxe3 Ra3+ 44. Kf4 Ra4 45. Ke4 Re5+ 46. Kd3
Ra3+ 47. Kd2 Rh5 48. Kc2 Rh2+ 49. Kb1 Rb3+ 0-1

[Event "Bunratty Masters"]
[Site "?"]
[Date "2017.02.18"]
[Round "3"]
[White "Bates, Richard"]
[Black "Baburin, Alexander"]
[Result "1-0"]
[WhiteElo "2347"]
[BlackElo "2481"]
[PlyCount "93"]
[EventDate "2017.??.??"]

1. d4 Nf6 2. Nf3 g6 3. c4 Bg7 4. g3 O-O 5. Bg2 c6 6. O-O d5 7. Nbd2 Bf5 8. b3
Ne4 9. Bb2 Nd7 10. Nh4 Nxd2 11. Qxd2 Be6 12. e4 dxe4 13. Bxe4 Bh3 14. Rfe1 e5
15. Rad1 exd4 16. Bxd4 Bxd4 17. Qxd4 Qf6 18. Bf5 Qxd4 19. Rxd4 Bxf5 20. Nxf5
Nc5 21. Nd6 Rad8 22. Red1 a5 23. Ne4 Rxd4 24. Rxd4 Nxe4 25. Rxe4 Rd8 26. Re7
Rd2 27. a4 b5 28. cxb5 cxb5 29. axb5 Rd5 30. Rb7 Kg7 31. Kf1 Re5 32. f4 Re3 33.
Ra7 Rxb3 34. Rxa5 h5 35. Ke2 h4 36. gxh4 Rb4 37. Kd3 Rxf4 38. Kc3 Rf3+ 39. Kc4
Rf4+ 40. Kc5 Rf5+ 41. Kc6 Rf6+ 42. Kc7 Rf5 43. Kc6 Rf6+ 44. Kb7 Rf2 45. b6 f5
46. Kc6 f4 47. b7 1-0

[Event "Bunratty Masters"]
[Site "Bunratty Co. Clare, Ireland"]
[Date "2017.02.18"]
[Round "3"]
[White "Lalic, Bodgan"]
[Black "Pein, Malcolm"]
[Result "1-0"]
[WhiteElo "2449"]
[BlackElo "2345"]
[PlyCount "105"]
[EventDate "2017.??.??"]

1. d4 Nf6 2. c4 g6 3. Nc3 d5 4. Nf3 Bg7 5. Qb3 dxc4 6. Qxc4 O-O 7. e4 Na6 8.
Be2 c5 9. d5 e6 10. O-O exd5 11. exd5 Bf5 12. Rd1 Bc2 13. Rd2 Bf5 14. Nh4 Ne4
15. Nxe4 Qxh4 16. Nd6 Bd4 17. Bf1 Bc8 18. Nb5 Bf6 19. Qxh4 Bxh4 20. d6 Be6 21.
g3 Bf6 22. Bg2 Rab8 23. Nxa7 Rfd8 24. Nb5 Nb4 25. a3 Nc6 26. Rc2 Nd4 27. Nxd4
cxd4 28. Be4 Bb3 29. Rc5 b6 30. Rc6 Ba4 31. Rc7 Be5 32. Ra7 Bd7 33. Bg5 Bxd6
34. Bxd8 Rxd8 35. Rd1 Be5 36. f4 Bg4 37. Rd2 Bf6 38. Kf2 Kg7 39. Rb7 Rd6 40.
Bd3 Be6 41. Rc7 Bd8 42. Rc1 g5 43. Bc4 gxf4 44. gxf4 Bf5 45. Rg1+ Kf6 46. Bd3
Bg6 47. Rg5 Kg7 48. Rb5 Bh4+ 49. Kf3 Be7 50. Re2 Bh4 51. Bxg6 hxg6 52. f5 gxf5
53. Rxf5 1-0

[Event "Bunratty Masters"]
[Site "Bunratty Co. Clare, Ireland"]
[Date "2017.02.18"]
[Round "3"]
[White "Murray, David B"]
[Black "Wells, Peter"]
[Result "0-1"]
[WhiteElo "2098"]
[BlackElo "2428"]
[PlyCount "108"]
[EventDate "2017.??.??"]

1. e4 e5 2. Nf3 Nc6 3. Bc4 Nf6 4. Ng5 d5 5. exd5 Na5 6. Bb5+ c6 7. dxc6 bxc6 8.
Bd3 Nd5 9. Nf3 Bd6 10. O-O Nf4 11. Re1 Nxd3 12. cxd3 O-O 13. Nc3 c5 14. b3 Nc6
15. Bb2 Ba6 16. Ne4 f6 17. Rc1 Nb4 18. Nxc5 Bxc5 19. Rxc5 Nxd3 20. Rc2 Nxe1 21.
Qxe1 Rc8 22. Bc3 Rf7 23. Rc1 Rd7 24. Qe4 Bb7 25. Qg4 Bxf3 26. Qxf3 Rd3 27. Qg4
Qd7 28. Qxd7 Rxd7 29. Re1 g5 30. Kf1 Kf7 31. Re4 Rc6 32. a4 Ke6 33. Rb4 Rb6 34.
Rxb6+ axb6 35. b4 Kd5 36. Ke2 f5 37. a5 bxa5 38. bxa5 Rc7 39. f3 Rc6 40. Ke3
Rg6 41. h3 h5 42. Kf2 g4 43. fxg4 hxg4 44. hxg4 Rxg4 45. Kf3 e4+ 46. Kf2 Rg6
47. Bb4 Kc4 48. Bc3 Kd3 49. Bb4 f4 50. Kf1 e3 51. dxe3 fxe3 52. Kg1 Rf6 53. Kh2
e2 54. g4 Rf4 0-1

[Event "Bunratty Masters"]
[Site "Bunratty Co. Clare, Ireland"]
[Date "2017.02.18"]
[Round "3"]
[White "Pogan, Nikolas"]
[Black "Prilleltensky, Matan"]
[Result "1/2-1/2"]
[WhiteElo "2283"]
[BlackElo "2195"]
[PlyCount "49"]
[EventDate "2017.??.??"]

1. d4 d5 2. c4 c6 3. cxd5 cxd5 4. Nc3 Nf6 5. Bf4 Nc6 6. e3 a6 7. Bd3 Bg4 8.
Nge2 e6 9. O-O Bd6 10. Qb3 O-O 11. Rac1 Rb8 12. Bg3 Bh5 13. Nf4 Bg6 14. Bxg6
hxg6 15. Nd3 Bxg3 16. hxg3 Na5 17. Qd1 Nc4 18. Qe2 Rc8 19. b3 Nd6 20. f3 Qe7
21. Rc2 Rc7 22. Rfc1 Rfc8 23. g4 g5 24. Ne5 Qe8 25. Na4 1/2-1/2

[Event "Bunratty Masters"]
[Site "Bunratty Co. Clare, Ireland"]
[Date "2017.02.18"]
[Round "3"]
[White "Gheorghiu, Calin"]
[Black "Speelman, Jonathan"]
[Result "1-0"]
[WhiteElo "2312"]
[BlackElo "2522"]
[PlyCount "47"]
[EventDate "2017.??.??"]

1. d4 d6 2. e4 Nf6 3. Nc3 g6 4. f4 Bg7 5. Nf3 O-O 6. Bd3 Na6 7. O-O c5 8. d5
Rb8 9. Qe2 Nc7 10. a4 a6 11. a5 e6 12. dxe6 Nxe6 13. f5 Nd4 14. Nxd4 cxd4 15.
Nd5 Nxd5 16. exd5 Re8 17. Qf3 Bxf5 18. Bxf5 gxf5 19. Qxf5 Qc8 20. Qxf7+ Kh8 21.
Bf4 Qc5 22. b4 Qxb4 23. Rab1 Qxa5 24. Bxd6 1-0

[Event "Bunratty Masters"]
[Site "Bunratty Co. Clare, Ireland"]
[Date "2017.02.18"]
[Round "3"]
[White "Gayson, Peter"]
[Black "Short, Philip"]
[Result "1/2-1/2"]
[WhiteElo "2148"]
[BlackElo "2239"]
[PlyCount "76"]
[EventDate "2017.??.??"]

1. e4 e6 2. d4 d5 3. Nd2 c5 4. Ngf3 Nf6 5. exd5 Qxd5 6. Bc4 Qd8 7. O-O cxd4 8.
Nb3 Nc6 9. Nbxd4 Nxd4 10. Nxd4 Qc7 11. b3 a6 12. a4 Bd6 13. h3 O-O 14. Bb2 e5
15. Nf3 e4 16. Nd2 Be5 17. Bxe5 Qxe5 18. Qe2 Re8 19. Qe3 Bd7 20. Rfe1 Qc7 21.
a5 Bc6 22. Nf1 Rad8 23. Qc3 Bb5 24. Ne3 Nd5 25. Nxd5 Rxd5 26. Rad1 Rc5 27. Rd4
Bxc4 28. Rxc4 Rxc4 29. Qxc4 Qxc4 30. bxc4 f5 31. Rb1 Re7 32. c5 Rc7 33. c6 Rxc6
34. Rxb7 Rc5 35. Rb8+ Kf7 36. Rb7+ Kf8 37. Rb8+ Kf7 38. Rb7+ Kf8 1/2-1/2

[Event "Bunratty Masters"]
[Site "Bunratty Co. Clare, Ireland"]
[Date "2017.02.18"]
[Round "3"]
[White "Pein, Jonathan"]
[Black "Nettleton, Charlie"]
[Result "1-0"]
[WhiteElo "2223"]
[BlackElo "2162"]
[PlyCount "89"]
[EventDate "2017.??.??"]

1. e4 c5 2. Nf3 d6 3. d4 cxd4 4. Nxd4 Nf6 5. Nc3 a6 6. Be3 Ng4 7. Bc1 e5 8. Nb3
f5 9. Be2 Be7 10. exf5 Nf6 11. Bh5+ Kf8 12. Bf3 Bxf5 13. Bxb7 Ra7 14. Bf3 d5
15. g4 d4 16. gxf5 dxc3 17. Qxd8+ Bxd8 18. bxc3 Rc7 19. Bb2 Kf7 20. O-O-O Re8
21. Rhe1 Rc4 22. Be2 Rf4 23. Nc5 Bb6 24. Ne6 Rh4 25. f4 Be3+ 26. Kb1 Ne4 27.
Bc4 Nd2+ 28. Rxd2 Bxd2 29. Nc7+ Ke7 30. Rxe5+ Kd7 31. Nxe8 Rxf4 32. Bd3 Nc6 33.
Re6 Rg4 34. a3 Ne7 35. Nd6 g6 36. Ne4 gxf5 37. Rxe7+ Kxe7 38. Nxd2 Rf4 39. Nf1
a5 40. Ne3 Rf2 41. Nxf5+ Kd7 42. h4 Rf4 43. Bc1 Rg4 44. Bd2 Kc7 45. Bg5 1-0

[Event "Bunratty Masters"]
[Site "Bunratty Co. Clare, Ireland"]
[Date "2017.02.18"]
[Round "3"]
[White "O'Gorman, Tom"]
[Black "Houston, David"]
[Result "1-0"]
[WhiteElo "2100"]
[BlackElo "2219"]
[PlyCount "97"]
[EventDate "2017.??.??"]

1. e4 e5 2. Nf3 Nc6 3. Bb5 a6 4. Ba4 Nf6 5. O-O b5 6. Bb3 d6 7. c3 Be7 8. Re1
O-O 9. h3 Na5 10. Bc2 c5 11. d4 Qc7 12. d5 Re8 13. Nbd2 Bf8 14. Nf1 h6 15. b3
g6 16. Be3 Bg7 17. Qd2 Kh7 18. Ng3 Bd7 19. Nh2 Nb7 20. f4 exf4 21. Bxf4 Ng8 22.
Rac1 Rac8 23. Rf1 Rf8 24. h4 Kh8 25. Nf3 Bg4 26. h5 Bxf3 27. Rxf3 c4 28. b4 a5
29. a3 axb4 30. axb4 Ra8 31. Ne2 Ra2 32. Nd4 g5 33. Be3 Qd7 34. Nf5 Be5 35. Bd4
f6 36. Qe3 Rfa8 37. Bxe5 fxe5 38. Bb1 Rb2 39. Rf2 Rb3 40. Bc2 Rb2 41. Bd1 Raa2
42. Rxb2 Rxb2 43. Ra1 Qc7 44. Kf1 Nd8 45. Qc1 Rb3 46. Bxb3 cxb3 47. Kg1 Nf7 48.
Ra8 Qc4 49. Ne7 1-0